• 首页
  • 本馆介绍
  • 公告通知
  • 最新文献
  • 馆藏检索
  • 电子资源
  • 读者导购
  • 参考咨询
  • 我的图书馆
  • 登录
  • 详细信息显示
  • 放入我的书架
  • 预约/预借图书
  • 作者相关作品
  • 分类相关作品
  • 丛书相关作品
  • 出版社相关作品

书目信息

  • 表格格式
  • 工作单格式
  • 卡片格式
题名:
牛津欧洲史
    
 
作者: 温克 , 亚当斯 著 ;贾文华 , 李晓燕 译
分册: 第三卷   1890~1945
出版信息: 长春   吉林出版集团有限责任公司  2009.04
页数: 10,402页
开本: 23cm
丛书名: 史家名著书系
单 册:
中图分类: K500 , K505
科图分类:
主题词: 历史 , 现代史
电子资源:
ISBN: 978-7-80762-873-6
000 01349oam2 2200349 450
001 012004345251
005 20130427090438.57
010    @a978-7-80762-873-6@b精装@dCNY56.00
100    @a20090704d2009 em y0chiy0110 ea
101 1  @achi@ceng
102    @aCN@b220000
105    @aaf z 000yy
106    @ar
200 1  @a牛津欧洲史@9niu jin ou zhou shi@h第三卷@i1890~1945@e危机与冲突@f(美)罗宾·W.温克,(美)R. J. Q.亚当斯著@g贾文华,李晓燕译
210    @a长春@c吉林出版集团有限责任公司@d2009.04
215    @a10,402页@c图,图版(6页)@d23cm
225 2  @a史家名著书系
330    @a《牛津欧洲史》是耶鲁大学著名史学家罗宾·W.温克的代表作品,该书分四卷阐述了从中世纪末到当代的欧洲历史。作者不拘泥于对历史事件和过程的细节描述,而是对欧洲文明的发展进行全方位的宏观扫描,尤其重视各个历史时期在思想文化等领域的变革和成就。本书介绍的是1890~1945年的欧洲历史。
461  0 @12001 @a史家名著书系@1701 0@a丛日云@4主编
606 0  @a历史
606 0  @a现代史
607    @a欧洲@x历史
607    @a欧洲@x现代史@z1890~1945
607    @a欧洲
690    @aK500@v4
690    @aK505@v4
701  0 @c(美)@a温克@9wen ke@c(Winks, R.W.)@4著
701  0 @c(美)@a亚当斯@9ya dang si@c(Adams, R.J.Q.)@4著
702  0 @a贾文华@9jia wen hua@4译
702  0 @a李晓燕@9li xiao yan@4译
801  0 @aCN@bNLC@c20090704
905    @b542058-62@dK500@e23:3@f5
    
    牛津欧洲史.第三卷.1890~1945:危机与冲突/(美)罗宾·W.温克,(美)R. J. Q.亚当斯著/贾文华,李晓燕译.-长春:吉林出版集团有限责任公司,2009.04
    10,402页:图,图版(6页);23cm.-(史家名著书系)
    
    
    ISBN 978-7-80762-873-6(精装):CNY56.00
    《牛津欧洲史》是耶鲁大学著名史学家罗宾·W.温克的代表作品,该书分四卷阐述了从中世纪末到当代的欧洲历史。作者不拘泥于对历史事件和过程的细节描述,而是对欧洲文明的发展进行全方位的宏观扫描,尤其重视各个历史时期在思想文化等领域的变革和成就。本书介绍的是1890~1945年的欧洲历史。
●
相关链接 在E读中查询图书 在五车中查询图书 在当当中查询图书 在豆瓣中查询图书


正题名:牛津欧洲史     索取号:K500/23:3         预约/预借

序号 登录号 条形码 馆藏地/架位号 状态 备注
1 542058   205420588   第二样本阅览室/ [索取号:K500/23:3] 在馆    
2 542059   205420597   第二借阅区/ [索取号:K500/23:3] 在馆    
3 542060   205420604   第二借阅区/ [索取号:K500/23:3] 在馆    
4 542061   205420613   史法系资料室/ [索取号:K500/23:3] 在馆    
5 542062   205420622   第二借阅区/ [索取号:K500/23:3] 在馆    
唐山师范学院图书馆 欢迎您!
大连网信软件有限公司© 版权所有